| 000 | 01239nam a22002297a 4500 | ||
|---|---|---|---|
| 001 | 6155 | ||
| 003 | FISKH | ||
| 005 | 20250320115719.0 | ||
| 008 | 250320b cb ||||| |||| 00| 0 eng d | ||
| 020 | _a9781107659353 | ||
| 040 |
_aFISKH _beng _cFISKH _dFISKH |
||
| 050 | _aPZ7 | ||
| 082 | _a 500 | ||
| 100 | _aJones, Mary | ||
| 245 |
_aCambridge checkpoint Science : _bCoursebook 8 / _cBy Mary Jones, Diane Fellowes-Freeman and David Sang |
||
| 250 | _aFirst published 2012 | ||
| 260 |
_aCambridge : _bCambridge University Press ; _c2013. |
||
| 300 |
_a188 pages : _bcolor illustrations ; _c28 cm . |
||
| 520 | _aWritten by well-respected authors, the Cambridge Checkpoint Science suite provides a comprehensive, structured resource which covers the full Cambridge Secondary 1 framework and seamlessly progresses into the next stage. This engaging course supports teaching of the Science framework both theoretically and practically, with full coverage of the Scientific Enquiry framework integrated throughout the series. This Coursebook for Stage 8 gives a thorough introduction to the concepts, and offers a wealth of ideas for hands-on activities to make the subject matter come to life. | ||
| 942 |
_2ddc _cBK _n0 |
||
| 999 |
_c6155 _d6155 |
||